| 000 | 01714cam a22004814i 4500 | ||
|---|---|---|---|
| 003 | PE-LiUPU | ||
| 005 | 20250731173358.0 | ||
| 008 | 150706s2001 nyua r 000 0 eng d | ||
| 020 | _a0826701132 | ||
| 035 | _a(Sirsi) i9780826701138 | ||
| 040 |
_aPE-LiUPU _bspa _cPE-LiUPU _erda |
||
| 049 | _aPRUA | ||
| 082 | 0 | 4 |
_a220.05 _bUBSH _221 |
| 100 | 1 |
_aOmanson Roger L., _eautor. |
|
| 245 | 1 | 2 |
_aA handbook on The first and second books of Samuel / _cRoger L. Omansoln y John E. Ellington. |
| 264 | 1 |
_aNew York : _bUnited Bible Societies, _c2001. |
|
| 300 |
_a646 páginas : _bilustraciones ; _c23 centímetros. |
||
| 336 |
_atext _2rdacontent |
||
| 337 |
_aunmediated _2rdamedia |
||
| 338 |
_avolume _2rdacarrier |
||
| 490 | 0 | _aUBS handbook series | |
| 505 | 0 | _aSamuel, 1Sam 1.1-7.17 -- Samuel and Saul, 1Sam 8.1-15.35 -- Saul, Jonathan, and David, 1Sam 16.1- 2 Sam 1.27. | |
| 526 | _aSEG42 | ||
| 526 | _aSEG41 | ||
| 526 | _aSEG40 | ||
| 526 | _aSEG39 | ||
| 526 | _aP94 | ||
| 526 | _aP87 | ||
| 526 | _aP86 | ||
| 526 | _aP85 | ||
| 526 | _aP77 | ||
| 526 | _aP76 | ||
| 526 | _aP35 | ||
| 630 | 0 | 4 |
_aBiblia. _pA.T. _pSamueI _xComentarios. |
| 700 | 1 |
_aEllington, John, _eautor. |
|
| 910 |
_agl _bjck _d20101216 |
||
| 942 |
_2ddc _cBOOK |
||
| 949 |
_a220.05 UBSH 9A _wDEWEY _c1 _i62430 _lCCODEBUL1 _mBUL _p33.00 _r0 _sY _tBOOK _u2015-7-6 _xTEOLOGIA _PP35 _0COMPRA _o.STAFF. Colección General |
||
| 994 |
_aC0 _bPEPRU |
||
| 596 | _a1 | ||
| 999 |
_a220.05 UBSH 9A _wDEWEY _c51461 _i62430 _f2021-11-9 _g5 _lCCODEBUL1 _mBUL _p33.00 _r0 _sY _tBOOK _u2015-7-6 _xTEOLOGIA _PP35 _0COMPRA _o.STAFF. Colección Teología _d51461 |
||
| 980 |
_81 _gALBERTO SANCHEZ Responsable de Automatización |
||